00722nam a2200169 i 4500001000700000003000900007005001700016008004100033100001800074245021400092260006500306300002200371490002600393651004100419830002600460852006600486170190ES-MaACL20230906214320.0090210s1893 fr |||| | fre d0 aCottin, Paul.12aL'Angleterre devant ses alliés, 1793-1814 b: Toulon (1793), Anvers et Nimègue (1794), Quiberon (1795), Guadeloupe (1795), Égypte (1798-1800), Naples (1799), Cadix et Cabrera (1808-1814) / cPaul Cottin. aParis : baux bureaux de la "Revue rétrospective", c1893. a100 p. ; c23 cm.1 aRevue rétrospective 4aGran Bretaña-xHistoria-yS.XVIII.0 aRevue rétrospective4 aES-MaACLjE-12438 z. - Biblioteca Jacinto Martínez Lacalle